[Event "Savigliano op"]
[Site "Savigliano"]
[Date "2009.05.31"]
[Round "6"]
[White "Ravazzolo, Gildo"]
[Black "Aranti, Michelangelo"]
[Result "1/2-1/2"]
[WhiteElo "1479"]
[BlackElo "1795"]
[PlyCount "72"]
[EventDate "2009.05.28"]
[EventType "swiss"]
[EventRounds "6"]
[EventCountry "ITA"]
[SourceTitle "CBM 130 Extra"]
[Source "ChessBase"]
[SourceDate "2009.07.02"]
[SourceVersion "2"]
[SourceVersionDate "2009.07.15"]
[SourceQuality "1"]

1. Nf3 e6 2. c4 d5 3. e3 Nf6 4. d4 Bd6 5. c5 Be7 6. Bd3 b6 7. b4 a5 8. Bd2 Ne4 9. 0-0 f5 10. Ne5 0-0 11. Qh5 Bd7 12. f4 Be8 13. Qe2 axb4 14. Bxe4 fxe4 15. Bxb4 bxc5 16. Bxc5 Bd7 17. Bxe7 Qxe7 18. h3 Nc6 19. Nxc6 Bxc6 20. Rc1 Bb7 21. Qb5 c6 22. Qc5 Qc7 23. Nc3 Ra5 24. Qb4 Ba6 25. Rab1 Bc4 26. Qb6 Ra7 27. a4 Rc8 28. a5 Rxa5 29. Qxc7 Rxc7 30. Rb8+ Kf7 31. Nxe4 dxe4 32. Rxc4 e5 33. Kf2 Ra2+ 34. Kg3 h5 35. h4 Ra3 36. Kf2 Ra2+ 1/2-1/2

[Event "Savigliano op"]
[Site "Savigliano"]
[Date "2009.05.30"]
[Round "3"]
[White "Aranti, Michelangelo"]
[Black "Porzio, Franco"]
[Result "0-1"]
[WhiteElo "1795"]
[BlackElo "1649"]
[PlyCount "36"]
[EventDate "2009.05.28"]
[EventType "swiss"]
[EventRounds "6"]
[EventCountry "ITA"]
[SourceTitle "CBM 130 Extra"]
[Source "ChessBase"]
[SourceDate "2009.07.02"]
[SourceVersion "2"]
[SourceVersionDate "2009.07.15"]
[SourceQuality "1"]

1. Nf3 d5 2. d4 Nf6 3. g3 e6 4. Bg2 c5 5. 0-0 cxd4 6. Nxd4 Nc6 7. Bg5 Be7 8. c3 0-0 9. Nd2 Qb6 10. N2b3 a5 11. Qc2 e5 12. Nxc6 bxc6 13. Rad1 Be6 14. Rd2 Rab8 15. Rfd1 Rfe8 16. Nc1 Ng4 17. Bxe7 Qxf2+ 18. Kh1 Ne3 0-1

[Event "Savigliano op"]
[Site "Savigliano"]
[Date "2009.05.28"]
[Round "1"]
[White "Aranti, Michelangelo"]
[Black "Faraoni, Enrico"]
[Result "0-1"]
[WhiteElo "1795"]
[BlackElo "2085"]
[PlyCount "83"]
[EventDate "2009.05.28"]
[EventType "swiss"]
[EventRounds "6"]
[EventCountry "ITA"]
[SourceTitle "CBM 130 Extra"]
[Source "ChessBase"]
[SourceDate "2009.07.02"]
[SourceVersion "2"]
[SourceVersionDate "2009.07.15"]
[SourceQuality "1"]

1. Nf3 h6 2. e4 g5 3. d4 Bg7 4. c3 d5 5. e5 c5 6. Bb5+ Nc6 7. Be3 cxd4 8. cxd4 f6 9. Qc2 Kf7 10. Bxc6 bxc6 11. 0-0 Rb8 12. Qxc6 Rb6 13. Qc2 Bg4 14. exf6 exf6 15. Nfd2 Ne7 16. Nc3 Qb8 17. Nb3 Rc8 18. Qd2 Bf5 19. h3 a5 20. f4 a4 21. Nxa4 Rc2 22. Qd1 Re6 23. Rc1 Rxg2+ 24. Kxg2 Rxe3 25. Rc3 Bxh3+ 26. Kh2 Rxc3 27. Nxc3 Bxf1 28. Qxf1 Bf8 29. Qf3 Kg7 30. Kg2 Ng6 31. Kf2 Nh4 32. Qg3 Bd6 33. Ne2 Ng6 34. Qg4 Qe8 35. fxg5 hxg5 36. Ng3 Bxg3+ 37. Qxg3 Nf4 38. Qe3 Qh8 39. Qg3 Qh7 40. Nd2 Qf5 41. Qf3 g4 42. Qg3 0-1